An Introduction To Bio statistics A manual For Students in Health Sciences (Record no. 4390)
[ view plain ]
| 000 -LEADER | |
|---|---|
| fixed length control field | 00429nam a22001577a 4500 |
| 003 - CONTROL NUMBER IDENTIFIER | |
| control field | OSt |
| 005 - DATE AND TIME OF LATEST TRANSACTION | |
| control field | 20210916113621.0 |
| 008 - FIXED-LENGTH DATA ELEMENTS--GENERAL INFORMATION | |
| fixed length control field | 210916b |||||||| |||| 00| 0 eng d |
| 020 ## - INTERNATIONAL STANDARD BOOK NUMBER | |
| International Standard Book Number | 81-203-1008-X |
| 040 ## - CATALOGING SOURCE | |
| Transcribing agency | Hawassa University |
| 050 ## - LIBRARY OF CONGRESS CALL NUMBER | |
| Classification number | 613.07/RAO |
| 082 ## - DEWEY DECIMAL CLASSIFICATION NUMBER | |
| Edition number | 3 |
| Classification number | 613.07/RAO |
| 100 ## - MAIN ENTRY--PERSONAL NAME | |
| Personal name | Rao Sundar |
| 9 (RLIN) | 4308 |
| 245 ## - TITLE STATEMENT | |
| Title | An Introduction To Bio statistics A manual For Students in Health Sciences |
| 942 ## - ADDED ENTRY ELEMENTS (KOHA) | |
| Source of classification or shelving scheme | Dewey Decimal Classification |
| Koha item type | Books like text book referance book |
| Suppress in OPAC | No |
| Withdrawn status | Lost status | Source of classification or shelving scheme | Damaged status | Not for loan | Home library | Current library | Date acquired | Total Checkouts | Full call number | Barcode | Date last seen | Copy number | Price effective from | Koha item type |
|---|---|---|---|---|---|---|---|---|---|---|---|---|---|---|
| Dewey Decimal Classification | College of Agriculture Library | College of Agriculture Library | 09/16/2021 | 613.07/RAO | ALIB0005101 | 09/16/2021 | 1 | 09/16/2021 | Books like text book referance book |